| 000 | 01460nam a2200313 c 4500 | ||
|---|---|---|---|
| 003 | BLK | ||
| 005 | 20230327142609.0 | ||
| 008 | 180410b bul|||||r ||||||| ||bul|| | ||
| 010 | _aKNG00170030000 | ||
| 040 | _aBLK | ||
| 041 |
_aBUL _cBUL |
||
| 080 |
_aФренска литература _b821.133.1 _x-31 _z821.133.1-31 |
||
| 100 | 1 |
_aДюма - баща, Александър _9367730 |
|
| 700 | 1 |
_aГенадиев, Харитон _eпрев. от фр. _9335711 |
|
| 139 |
_aДюма - баща, Александър _bД 98 |
||
| 245 | 1 | 0 |
_aРицарят на Мезон-Руж _bРоман _cАлександър Дюма - баща; прев. от фр. Харитон Генадиев. |
| 257 | _aFRA | ||
| 260 |
_аСофия _bТренев Тренев _c1991 |
||
| 300 |
_a413 с. _bс ил. _c21 см |
||
| 380 | _aX | ||
| 490 | 1 | _aПоредица Избрани приключенски романи | |
| 500 | _aОриг. загл. Le chavalier de maison rouge / Alexandre Dumas . - 1. изд. 1918 със загл. Рицарят на червената къща на изд. Отец Паисий - Пловдив в Нова худож. библ. ; № 214-245 и 254-271. | ||
| 653 | _aромани | ||
| 852 | _aЦб 166840 | ||
| 856 | 4 |
_qpdf _u |
|
| 856 | 4 |
_qpdf _u |
|
| 942 |
_cKNG _n0 _05 |
||
| 944 |
_aCR _c23.01.2015 _lф / 23.01.2015 _kКамелия_Данева |
||
| 944 |
_aED _c06.10.2017 _lф / 23.01.2015 _kВиолета_Тройчева |
||
| 999 |
_c162651 _d162651 |
||